| 000 | 00360nam a2200145Ia 4500 | ||
|---|---|---|---|
| 008 | 230312s9999||||xx |||||||||||||| ||und|| | ||
| 020 | _a93-325-1907-7 | ||
| 082 |
_a519.2 _bROS-A |
||
| 100 | _aRoss;Sheldon | ||
| 245 | 2 | _aA First course in Probability | |
| 260 |
_bMcgraw hill _aIndia _c2011 |
||
| 300 | _a454 | ||
| 650 |
_aEngineering _vAvionics |
||
| 942 | _cBK | ||
| 999 |
_c12328 _d12328 |
||